• 首页
  • 本馆介绍
  • 公告通知
  • 最新文献
  • 馆藏检索
  • 电子资源
  • 读者导购
  • 参考咨询
  • 我的图书馆
  • 登录
  • 详细信息显示
  • 放入我的书架
  • 预约/预借图书
  • 作者相关作品
  • 分类相关作品
  • 丛书相关作品
  • 出版社相关作品

书目信息

  • 表格格式
  • 工作单格式
  • 卡片格式
题名:
汉英综合生物化学及分子生物学词汇
    
 
作者: 吴翚 编
分册:  
出版信息: 北京   科学出版社  2005
页数: 873页
开本: 21cm
丛书名:
单 册:
中图分类: Q5-61 , Q7-61
科图分类:
主题词: 生物化学--词汇--英语--汉语 , 分子生物学--词汇--英语--汉语 , 生物化学 , 词汇 , 分子生物学
电子资源:
ISBN: 7-03-014578-X
000 01210nam0 2200313 450
001 002997976
005 20051213105336.0
010    @a7-03-014578-X@b精装@dCNY65.00
035    @a002997976
100    @a20050317d2005 em y0chiy0110 ea
101 0  @achi@aeng
102    @aCN@b110000
105    @ay e 000yy
106    @ar
200 1  @a汉英综合生物化学及分子生物学词汇@Ahan ying zong he sheng wu hua xue ji fen zi sheng wu xue ci hui@dComprehensive Chinese-English dictionary of biochemistry and molecular biology@e科学版辞书@Eke xue ban ci shu@f吴翚编@Fwu hui bian@zeng
210    @a北京@c科学出版社@d2005
215    @a873页@d21cm
330    @a本书收集了以生物化学及分子生物学为主,兼顾与之相关的学科如分子遗传学、分子细胞生物学、医学分子生物学、现代生物技术等领域的词条。共65000余条。
510 1  @aComprehensive Chinese-English Dictionary of Biochemistry and Molecular Biology@zeng
606 0  @a生物化学@x词汇@x英语@x汉语
606 0  @a分子生物学@x词汇@x英语@x汉语
606 0  @a生物化学
606 0  @a词汇
606 0  @a分子生物学
690    @aQ5-61@v4
690    @aQ7-61@v4
701  0 @a吴翚@Awu hui@c(生物)@4编
801  0 @aCN@bNLC@c20051214
905    @dQ5-61@e160 @f1
    
    汉英综合生物化学及分子生物学词汇=Comprehensive Chinese-English dictionary of biochemistry and molecular biology:科学版辞书/吴翚编.-北京:科学出版社,2005
    873页;21cm
    
    
    ISBN 7-03-014578-X(精装):CNY65.00
    本书收集了以生物化学及分子生物学为主,兼顾与之相关的学科如分子遗传学、分子细胞生物学、医学分子生物学、现代生物技术等领域的词条。共65000余条。
●
相关链接 在E读中查询图书 在五车中查询图书 在当当中查询图书 在豆瓣中查询图书


正题名:汉英综合生物化学及分子生物学词汇     索取号:Q5-61/160         预约/预借

序号 登录号 条形码 馆藏地/架位号 状态 备注
1 0822568   208225687   第二样本阅览室/ [索取号:Q5-61/160] 在馆    
2 0822569   208225696   第三借阅区/ [索取号:Q5-61/160] 在馆    
3 0822570   208225703   第三借阅区/ [索取号:Q5-61/160] 在馆    
4 0853697   208536976   工具书阅览室/ [索取号:Q5-61/160] 在馆    
唐山师范学院图书馆 欢迎您!
大连网信软件有限公司© 版权所有